On This Day: November 20th Quiz Stats

Quiz Updated Nov 20, 2017

Challenge
Share
Tweet
Embed
Score 0/7 Timer 03:00
0 Plays Today
Question Answer Wrong Answers
Egyptian President Anwar Sadat becomes the first Arab leader to officially visit this country, when he meets Prime Minister Menachem Begin.
1977
Israel
93.4%
United Kingdom
2.2%
New Zealand
1.6%
Japan
1.4%
Trials against 24 Nazi war criminals start at the Palace of Justice in ______, Germany.
1945
Nuremberg
90.7%
Berlin
2.8%
Munich
3.4%
Frankfurt
2%
A court in Taliban-controlled ______ declares accused terrorist Osama bin Laden ‘a man without a sin’ in regard to the 1998 US embassy bombings in Kenya and Tanzania.
1998
Afghanistan
71.7%
Pakistan
10.2%
Iraq
12.6%
Syria
3.9%
Hungary becomes a signatory of the ______, officially joining the Axis powers.
1940
Tripartite Pact
58.2%
Pact of Steel
18.6%
Lateran Treaty
5.9%
Treaty of London
16.8%
This American politician, the 47th Vice President of the United States, is born in Scranton, Pennsylvania.
1942
Joe Biden
58%
Al Gore
13.3%
Dick Cheney
10.4%
Mike Pence
17.5%
This state becomes the first to ratify the Bill of Rights.
1789
New Jersey
44.2%
New Hampshire
37.3%
Georgia
8.1%
South Carolina
10.4%
This composer’s only opera, ‘Fidelio’, premieres in Vienna.
1805
Ludwig van Beethoven
39.5%
Wolfgang Amadeus Mozart
32.4%
Johann Sebastian Bach
13.3%
Frédéric Chopin
14.6%

Today's Daily Dose

You're not logged in!

Compare scores with friends on all Sporcle quizzes.
Sign Up with Email
OR
Log In

You Might Also Like...

Show Comments

Extras

Top Quizzes Today


Score Distribution

Your Account Isn't Verified!

In order to create a playlist on Sporcle, you need to verify the email address you used during registration. Go to your Sporcle Settings to finish the process.